书目信息 |
| 题名: |
地理信息系统概论
|
|
| 作者: | 张新长 , 辛秦川 , 郭泰圣 , 何广静 编著 | |
| 分册: | ||
| 出版信息: | 北京 高等教育出版社 2017.07 |
|
| 页数: | 244页 | |
| 开本: | 26cm | |
| 丛书名: | ||
| 单 册: | ||
| 中图分类: | P208.2 | |
| 科图分类: | ||
| 主题词: | 地理信息系统--di li xin xi xi tong--高等学校--教材 | |
| 电子资源: | ||
| ISBN: | 978-7-04-047760-3 | |
| 000 | 01142nam0 2200301 450 | |
| 001 | 94909 | |
| 005 | 20250821080946.20 | |
| 010 | @a978-7-04-047760-3@dCNY35.00 | |
| 100 | @a20170912d2017 em y0chiy50 ea | |
| 101 | 0 | @achi |
| 102 | @aCN@b110000 | |
| 105 | @aak a 000yy | |
| 106 | @ar | |
| 200 | 1 | @a地理信息系统概论@Adi li xin xi xi tong gai lun@f张新长 ... [等] 编著 |
| 210 | @a北京@c高等教育出版社@d2017.07 | |
| 215 | @a244页@c图@d26cm | |
| 304 | @a题名页题其余责任者: 辛秦川, 郭泰圣, 何广静 | |
| 320 | @a有书目 (第241-244页) | |
| 330 | @a本书首先介绍基本概念、地理空间参考系统、空间数据结构特征及空间数据质量、空间数据库、空间数据数字化表达与可视化、移动互联网GIS等内容, 然后介绍网络分析、地形分析、相关分析、门槛分析等方法, 最后简述地理信息工程的实践方法。 | |
| 333 | @aiCourse·教材 | |
| 606 | 0 | @a地理信息系统@Adi li xin xi xi tong@x高等学校@j教材 |
| 690 | @aP208.2@v5 | |
| 701 | 0 | @a张新长@Azhang xin chang@4编著 |
| 701 | 0 | @a辛秦川@Axin qin chuan@4编著 |
| 701 | 0 | @a郭泰圣@Aguo tai sheng@4编著 |
| 701 | 0 | @a何广静@Ahe guang jing@4编著 |
| 801 | 0 | @aCN@c20250909 |
| 905 | @a河南城建学院图书馆@dP208.2@eZ210-2 | |
| 地理信息系统概论/张新长 ... [等] 编著.-北京:高等教育出版社,2017.07 |
| 244页:图;26cm |
| 使用对象:iCourse·教材 |
| ISBN 978-7-04-047760-3:CNY35.00 |
| 本书首先介绍基本概念、地理空间参考系统、空间数据结构特征及空间数据质量、空间数据库、空间数据数字化表达与可视化、移动互联网GIS等内容, 然后介绍网络分析、地形分析、相关分析、门槛分析等方法, 最后简述地理信息工程的实践方法。 |
| ● |
| 相关链接 |
|
|
|
正题名:地理信息系统概论
索取号:P208.2/Z210-2
 
预约/预借
| 序号 | 登录号 | 条形码 | 馆藏地/架位号 | 状态 | 备注 |
| 1 | 1630530 | 216305308 | 自科库401/401自科库 119排1列5层/ [索取号:P208.2/Z210-2] | 在馆 |